| 000 | 00698cam a2200205 4500 | ||
|---|---|---|---|
| 001 | D2302 | ||
| 008 | 090401t1966 xxu||||| |||| 00| 0 eng d | ||
| 035 | _a(Sirsi) u68516 | ||
| 041 | _aeng | ||
| 050 | _a692.30968 | ||
| 110 |
_aThe Chapter of South African Quantity Surveyors _92111 |
||
| 245 | _aStandard system of measuring builders` work in South Africa, amended and issued by the Chapter in consultation with The National Federation of Building Trade Employers in South Africa | ||
| 250 | _a3rd | ||
| 260 |
_aJohannesburg _bThe Chapter of South African Quantity Su _c1966 |
||
| 300 | _a45p. 21cm | ||
| 350 | _a0 | ||
| 520 | _aFiled at SMM 1966/1BCD | ||
| 942 | _n0 | ||
| 948 | _c04/03/1997 | ||
| 999 |
_c95115 _d95115 |
||